Pensamiento científico iii : la polémica epistemológica actual /

Guardado en:
Autor Principal: Flichman, Eduardo T.
Otros Autores: Pacífico, Andrea
Formato: Libro
Publicado: Buenos Aires : Conicet, 1995
Series:Pro Ciencia
Materias:
Etiquetas: Agregar Etiqueta
Sin Etiquetas, Sea el primero en etiquetar este registro!
LEADER 01145nam a22002655a 4500
001 CEM.cems009570
005 20080828103005.0
008 130507s1995##################000#0#####d
003 CEMS
020 |a 9506870195 
082 0 4 |a 001 
100 1 |a Flichman, Eduardo T. 
245 1 0 |a Pensamiento científico iii :  |b la polémica epistemológica actual /  |c Eduardo Flichman, Andrea Pacífico 
260 |a Buenos Aires :  |b Conicet,  |c 1995 
300 |a 63 p. 
490 0 |a Pro Ciencia 
500 |a Red Federal de Formación Docente Continuaprograma de Perfeccionamiento Docente 
505 0 |a La imposibilidad de definir al Gato -- Algunos nombres de la polémica epistemológica actual -- Recordando las críticas al falsacionismo -- Una conmoción epistemológica: las ideas de Thomas Kuhn -- Kuhn vs. Popper -- Feyerabend: todo vale -- Un intento de síntesis: Imre Lakatos -- El nuevo Kuhn 
653 |a Ciencia-filosofía 
653 |a Ciencia-hsitoria 
653 |a Epistemología 
653 |a Pensamiento científico 
700 1 |a Pacífico, Andrea 
859 |a CEMS  |b BIB. CEMS - 11 de abril  |h 001  |i F64  |p 19365.97  |t Ej.1 
859 |a CEMS  |b BIB. CEMS